Pasta - Sudden Death - Statistics

General Stats
  • This quiz has been taken 248 times
  • The average score is 8 of 19
Answers on the Grid
Answers color-coded by a green-red scale on the quiz's grid according to % correct below.
Fusili
Linguine
Mussolini
Tagliolini
Morricone
Cavatappi
Rigoletto
Farfalle
Rigatoni
Marconi
Fettuccini
Berlusconi
Pappardelle
Vermicelli
Arpeggio
Festoni
Scalia
Fiori
Bellini
Macaroni
Lanterne
Affogato
Spaghetti
Botticelli
Garibaldi
Risotto
Conchiglie
Waluigi
Tagliatelle
Penne
Paganini
Puccini
Machiavelli
Bellucci
Boccoli
Pici
 
Answer Stats
Answer % Correct
Linguine
92%
Fusili
78%
Rigatoni
76%
Fettuccini
70%
Macaroni
64%
Spaghetti
64%
Farfalle
61%
Penne
56%
Pappardelle
49%
Tagliatelle
48%
Vermicelli
48%
Tagliolini
33%
Cavatappi
29%
Conchiglie
28%
Pici
13%
Boccoli
11%
Festoni
11%
Fiori
7%
Lanterne
7%
No matching quizzes found
Score Distribution
Percent of People with Each Score
Percentile by Number Answered
Your Score History
You have not taken this quiz